000 01818nam a2200397 i 4500
003 EG-ScBUE
005 20231205094221.0
008 100805k19851994ua f b 000 0 ara d
020 _a977010681X (ج. 1)
020 _a9770137642 (ج. 4)
020 _a9770137588 (ج. 3)
020 _a9770/24931 (ج. 2)
040 _aEG-ScBUE
_bara
_erda
_cEG-ScBUE
_dEG-ScBUE
041 1 _aara
_hund
043 _aar-----
082 0 4 _a939.4
_bهـ ا ي
_222
100 1 _aهايد، ف،
_eمؤلف.
245 1 0 _aتاريخ التجارة في الشرق الأدنى في العصور الوسطى /
_cتأليف ف. هايد ؛ ترجمة أحمد رضا محمد رضا ؛ مراجعة د. عز الدين فودة، أستاذ كرسي المنظمات الدولية بجامعة القاهرة.
264 1 _aالقاهرة :
_bالهيئة المصرية العامة للكتاب،
_c1985-1994.
300 _a4 مجلدات ؛
_c24 سم
336 _2rdacontent
_aنص
_btxt
337 _aبدون وسيط
_2rdamedia
_bn
338 _aمجلد
_bnc
_2rdacarrier
504 _aيشتمل على إرجاعات ببليوجرافية.
505 0 _aالجزء الأول -- الجزء الثاني -- الجزء الثالث -- الجزء الرابع.
546 _aالنص باللغة العربية وتم ترجمته من لغة غير معروفة.
590 _adoaa mohamed
650 7 _a‪التجارة الخارجية
_xتاريخ.
_2BUEsh
651 7 _a‪الشرق الأوسط
_x‪تجارة خارجية.
_2BUEsh
651 7 _a‪الشرق الأوسط
_xتاريخ.
_2BUEsh
653 _bARALIT
_cAugust2015
655 _vReading book
700 1 _aرضا، أحمد رضا محمد،
_eمترجم.
700 1 _aفودة، عز الدين،
_d1923-
_eمراجع.
942 _cBB
_2ddc
999 _c14630
_d14630